[Event "TSGM March"]
[Site "Subotica YUG"]
[Date "2003.03.25"]
[Round "3"]
[White "Colovic,A"]
[Black "Benkovic,P"]
[Result "0-1"]
[WhiteElo "2385"]
[BlackElo "2469"]

1.e4 g6 2.d4 Bg7 3.Nc3 c6 4.Bc4 d6 5.Qf3 e6 6.Nge2 b5 7.Bb3 a5 8.a3 Ba6 9.O-O d5
10.Bf4 Ne7 11.Rad1 O-O 12.Rfe1 Nd7 13.Qh3 Re8 14.Ng3 Nf8 15.Nce2 Bc8 16.e5 f5
17.exf6 Bxf6 18.Be5 Bxe5 19.dxe5 Qb6 20.Nf4 Ra7 21.Qh6 Kh8 22.h4 Qd8 23.Nd3 Nf5
24.Nxf5 gxf5 25.Qf6+ Rg7 26.Qxd8 Rxd8 27.Nc5 Ng6 28.Rd4 f4 29.g3 fxg3 30.fxg3 Ne7
31.Rd3 Nf5 32.Kh2 Rdg8 33.Rf1 Nxg3 34.Rg1 Nf5 35.Rxg7 Rxg7 36.Rf3 Rg4 37.c3 Rxh4+
38.Kg1 Rg4+ 39.Kf2 Kg7 40.Bd1 Rh4 41.Kg1 Rc4 42.b4 axb4 43.axb4 d4 44.cxd4 Rxd4
45.Bc2 Rg4+ 46.Kf2 Nd4 47.Rc3 Nxc2 48.Rxc2 Rxb4 49.Ra2 Rc4 50.Nd3 Rd4 51.Ke3 Rd5
52.Ke4 c5 53.Ra7+ Rd7 54.Ra5 Rd5 55.Ra7+ Rd7 56.Ra5 Rd4+ 57.Ke3 Rd5 58.Ke4 h5
59.Nf4 Rd1 60.Ra7+ Rd7 61.Nxe6+ Kf7 62.Rxd7+ Bxd7 63.Nxc5 Be6 64.Nd3 h4 65.Kf4 h3
66.Kg3 Bf5 67.Nb4 Ke6 68.Nc6 Kd5 69.Na7 b4 70.Nb5 Kxe5 71.Kf3 b3 72.Na3 Kd4
73.Nb5+ Kd3 74.Kg3 b2 75.Na3 Kc3  0-1

[Event "Spring Open"]
[Site "Belgrade YUG"]
[Date "2003.03.26"]
[Round "2"]
[White "Nestorovic,DN"]
[Black "Mihajlovic,M"]
[Result "0-1"]
[WhiteElo "2134"]
[BlackElo "2265"]

1.e4 g6 2.d4 Bg7 3.Nc3 c6 4.Be3 Qb6 5.Rb1 d6 6.Bc4 Nf6 7.h3 Nxe4 8.Bxf7+ Kxf7
9.Nxe4 Rf8 10.Nf3 Qa5+ 11.b4 Qxa2 12.O-O Kg8 13.Qe2 Qd5 14.Bg5 Nd7 15.c4 Qf7
16.Bh4 Nb6 17.Rbc1 h6 18.Rc3 a5 19.bxa5 Rxa5 20.Rb1 Nd7 21.Re3 g5 22.Bg3 Nf6
23.Nc3 Re8 24.Re1 Ra3 25.Qb2 Ra8 26.Qe2 g4 27.hxg4 Bxg4 28.Qd3 Ra5 29.Nh2 Bh5
30.Re6 d5 31.cxd5 Nxd5 32.Nxd5 Rxd5 33.Qb3 Rd7 34.R6e4 Qxb3  0-1

[Event "Spring Festival IM"]
[Site "Bucharest ROM"]
[Date "2003.03.28"]
[Round "8"]
[White "Bargan,S"]
[Black "Berechet,O"]
[Result "0-1"]
[WhiteElo "2233"]
[BlackElo "2254"]

1.d4 g6 2.e4 Bg7 3.Nc3 c6 4.Be3 Qb6 5.a3 Nf6 6.h3 d5 7.e5 Nfd7 8.f4 Nf8 9.Na4 Qc7
10.Bd3 b6 11.Nf3 Bd7 12.c3 Qc8 13.Nh4 f5 14.O-O Na6 15.Kh2 Nc7 16.Rc1 e6
17.Rf2 Qd8 18.Nf3 h6 19.b3 Qe7 20.Ra1 Kf7 21.c4 Be8 22.Nc3 Nd7 23.Rc2 Qd8
24.Qd2 Bf8 25.Qc1 Nb8 26.cxd5 exd5 27.g4 fxg4 28.hxg4 h5 29.g5 h4 30.Rf2 Kg8
31.Qc2 Kg7 32.b4 a5 33.bxa5 Rxa5 34.Na4 Nb5 35.Bd2 Ra7 36.Bb4 Bxb4 37.axb4 Qe7
38.Rb1 Na6 39.Bxb5 cxb5 40.Nxb6 Qe6 41.Qb3 Nc7 42.Nxd5 Nxd5 43.Nd2 Ra4 44.f5 gxf5
45.Qc2 f4 46.Ne4 Bg6 47.Nc5 Qg4 48.Qb3 Rxb4 49.Rg2 Rxb3  0-1

[Event "XII It III"]
[Site "Dos Hermanas ESP"]
[Date "2003.03.28"]
[Round "1"]
[White "Lakos,N"]
[Black "Razmyslov,A"]
[Result "1/2-1/2"]
[WhiteElo "2350"]
[BlackElo "2345"]

1.e4 g6 2.d4 Bg7 3.Nc3 c6 4.h3 d6 5.Be3 b5 6.Nf3 Nd7 7.Qd2 e6 8.a3 a6 9.Be2 Bb7
10.O-O Ne7 11.Bh6 O-O 12.Bxg7 Kxg7 13.Qf4 Qc7 14.h4 f6 15.Qg4 Rae8 16.h5 e5
17.Rad1 Bc8 18.Qg3 g5 19.Nh2 h6 20.Bg4 Nb6 21.Bxc8 Rxc8 22.b3 exd4 23.Rxd4 d5
24.Qxc7 Rxc7 25.Rd2  1/2-1/2

[Event "ch-VIE"]
[Site "Dong Thap VIE"]
[Date "2003.03.29"]
[Round "10"]
[White "Pham Minh Hoang"]
[Black "To Quoc Khanh"]
[Result "1-0"]
[WhiteElo "2425"]
[BlackElo "2299"]

1.d4 g6 2.e4 Bg7 3.Nc3 c6 4.f4 d6 5.Nf3 f5 6.e5 Nh6 7.Bd3 O-O 8.O-O Nd7 9.Ne2 Kh8
10.c3 Qb6 11.Kh1 Rd8 12.Qe1 Qc7 13.Ng5 Nf8 14.Rf3 Kg8 15.Bc4+ d5 16.Bb3 b6
17.c4 e6 18.Bd2 a5 19.cxd5 exd5 20.Rc1 Qd7 21.Rfc3 Bb7 22.Ba4 Rac8 23.Ng1 Ne6
24.N1f3 Nf7 25.Nxe6 Qxe6 26.a3 Bf8 27.Bb3 Rd7 28.Ba2 Be7 29.Be3 Ba6 30.h3 Kg7
31.Bf2 h6 32.Bb1 Rdc7 33.Qg1 h5 34.Bh4 Bb7 35.Bxe7 Qxe7 36.g4 hxg4 37.hxg4 Rh8+
38.Nh2 Kf8 39.gxf5 gxf5 40.Bxf5 Nh6 41.Qg6 Nxf5 42.Qxf5+ Ke8 43.Rh3 Rf8 44.Qg6+ Qf7
45.f5 Bc8 46.Qxf7+ Rcxf7 47.e6 Rxf5 48.Rxc6 Ba6 49.Rxb6 Bc4 50.Rh7  1-0

[Event "ch-VIE"]
[Site "Dong Thap VIE"]
[Date "2003.03.30"]
[Round "11"]
[White "Nguyen Anh Dung"]
[Black "Dinh Duc Trong"]
[Result "1-0"]
[WhiteElo "2530"]
[BlackElo "2380"]

1.e4 g6 2.d4 Bg7 3.Nc3 c6 4.Be3 Qb6 5.a3 Nf6 6.Nf3 d5 7.e5 Ng4 8.Bf4 f6 9.Na4 Qa5+
10.Bd2 Qc7 11.h3 Nh6 12.exf6 exf6 13.Bd3 O-O 14.O-O Nd7 15.c4 dxc4 16.Bxc4+ Kh8
17.Rc1 Nf5 18.Re1 Nd6 19.Ba2 b5 20.Nc3 Qd8 21.d5 c5 22.Bf4 Ne5 23.Nxe5 fxe5
24.Bxe5 Bxe5 25.Rxe5 Qf6 26.Qe2 Nf5 27.Nxb5 Ba6 28.a4 Bxb5 29.axb5 a6 30.bxa6 Rxa6
31.Bc4 Rb6 32.Re8 Rxe8 33.Qxe8+ Kg7 34.b3 Qd4 35.g4 Qf4 36.Ra1 Nd4 37.Qe7+ Qf7
38.Qe5+ Qf6 39.Ra7+ Kh6 40.Qe7 Nf3+ 41.Kh1 Kg5 42.Qxh7 Nd4 43.Rf7 Rb7 44.f4+ Qxf4
45.h4+ Kxg4  1-0

[Event "FSIMA April"]
[Site "Budapest HUN"]
[Date "2003.04.08"]
[Round "4"]
[White "Howell,D"]
[Black "Dobos,J"]
[Result "1-0"]
[WhiteElo "2251"]
[BlackElo "2271"]

1.e4 g6 2.d4 Bg7 3.Nc3 c6 4.f4 d5 5.e5 Nh6 6.Nf3 f6 7.Bd3 Bg4 8.O-O O-O 9.Be3 Nd7
10.h3 Bxf3 11.Rxf3 fxe5 12.fxe5 Rxf3 13.Qxf3 e6 14.Ne2 Qe7 15.g4 Rf8 16.Qg3 c5
17.c3 Nf7 18.Kg2 Nd8 19.h4 Nc6 20.Rh1 cxd4 21.cxd4 Qb4 22.h5 Ndxe5 23.dxe5 Nxe5
24.Bf4 Nxd3 25.Qxd3 Rxf4 26.Nxf4 Qxf4 27.Qf3 Qxf3+ 28.Kxf3 gxh5 29.gxh5 b6
30.b3 Bh6 31.Rh2 e5 32.Rc2 e4+ 33.Ke2 Bf4 34.Rc8+ Kf7 35.Rd8 Ke6 36.Re8+ Kd7
37.Rf8 Bd6 38.Rf7+ Ke6 39.Rxh7 d4 40.Rh6+  1-0

[Event "Asian Teams w"]
[Site "Jodhpur IND"]
[Date "2003.04.08"]
[Round "2"]
[White "Son,A"]
[Black "Gokhale,A"]
[Result "0-1"]
[WhiteElo "2135"]
[BlackElo "2213"]

1.e4 g6 2.d4 Bg7 3.Nc3 c6 4.f4 d5 5.e5 h5 6.Be3 Nh6 7.Nf3 Bg4 8.Be2 e6 9.Qd2 Nd7
10.Bf2 Nf5 11.O-O-O Bf8 12.g3 Qb6 13.h3 Bxf3 14.Bxf3 c5 15.dxc5 Bxc5 16.Bxc5 Qxc5
17.g4 Ne3 18.Rde1 Nc4 19.Qd3 Rc8 20.Na4 Qb4 21.Qb3 Qd2+ 22.Kb1 Qxe1+ 23.Rxe1 Nd2+
24.Kc1 Nxb3+ 25.axb3 hxg4 26.hxg4 Rh2 27.Nc3 Rf2 28.Bd1 Rxf4 29.Nb5 Ke7 30.Nxa7 Rh8
31.Nb5 Re4 32.Rxe4 dxe4 33.Nd6 e3 34.Nc4 Rh3 35.c3 b5 36.Nd6 Rh1 37.Kc2 Rh2+
38.Kc1 e2  0-1

[Event "ch-Kaissa Club"]
[Site "Kharkov UKR"]
[Date "2003.04.17"]
[Round "10"]
[White "Kotenko,P"]
[Black "Manukovsky,V"]
[Result "1-0"]
[WhiteElo "2392"]
[BlackElo "2294"]

1.e4 g6 2.d4 Bg7 3.Nc3 c6 4.Nf3 d5 5.h3 dxe4 6.Nxe4 Nd7 7.Bd3 Ngf6 8.Nxf6+ Nxf6
9.O-O Bf5 10.Bxf5 gxf5 11.Bf4 e6 12.c3 Rg8 13.Ne5 Qd5 14.g3 Rd8 15.Re1 Bf8
16.Kh2 Be7 17.Qe2 h5 18.Rad1 h4 19.c4 hxg3+ 20.fxg3 Qa5 21.Nxf7 Kxf7 22.Qxe6+ Kg6
23.Re5 Qb4 24.Qxf5+ Kg7 25.Rde1 Rde8 26.c5 Bd8 27.Rxe8 Nxe8 28.Qd7+ Kg6 29.Rxe8 Qxb2+
30.Kg1 Qb1+ 31.Kf2 Qxa2+ 32.Re2 Qb3 33.h4 Qf7 34.Qd6+ Bf6 35.Re6 Kf5 36.d5 cxd5
37.Qxd5+ Kg4 38.Qf3+ Kf5 39.Qe4+ Kg4 40.Bg5+  1-0

[Event "Commonwealth Ch"]
[Site "Mumbai IND"]
[Date "2003.04.21"]
[Round "2"]
[White "Deepan,C"]
[Black "Rahman,Zia"]
[Result "1-0"]
[WhiteElo "2379"]
[BlackElo "2543"]

1.e4 g6 2.d4 Bg7 3.Nc3 c6 4.Bc4 d6 5.Nf3 Nf6 6.O-O O-O 7.h3 b5 8.Bd3 Nbd7
9.e5 Ne8 10.Bf4 dxe5 11.Nxe5 Nxe5 12.Bxe5 Bxe5 13.dxe5 b4 14.Ne2 Qd5 15.f4 Nc7
16.Qe1 Qc5+ 17.Kh1 Nd5 18.Ng3 Qd4 19.Qe4 Qxe4 20.Nxe4 Bf5 21.Rae1 h5 22.Nc5 Bxd3
23.Nxd3 e6 24.g3 Kg7 25.Kg2 c5 26.g4 c4 27.Nc5 Rac8 28.Ne4 c3 29.b3 hxg4
30.hxg4 Rh8 31.Kg3 Rc6 32.Nd6 Ra6 33.f5 gxf5 34.gxf5 Rxa2 35.fxe6 fxe6 36.Re4 Rh6
37.Rg4+ Kh7 38.Rf7+ Kh8 39.Rf8+ Kh7 40.Rfg8  1-0

[Event "Commonwealth Ch"]
[Site "Mumbai IND"]
[Date "2003.04.22"]
[Round "4"]
[White "Rohit,G"]
[Black "Rahman,Zia"]
[Result "1-0"]
[WhiteElo "2357"]
[BlackElo "2543"]

1.e4 g6 2.d4 Bg7 3.Nc3 c6 4.Be3 Qb6 5.Rb1 d6 6.h3 Nf6 7.Nf3 O-O 8.Bd3 Nbd7
9.O-O Qc7 10.Qd2 b5 11.a3 Re8 12.Rfe1 e5 13.Rbd1 Bb7 14.Bf1 a6 15.dxe5 dxe5
16.Bg5 Nf8 17.Qd6 Qxd6 18.Rxd6 Re6 19.Red1 Rxd6 20.Rxd6 N6d7 21.Nd2 Nc5 22.Be3 Nce6
23.Nb3 Rc8 24.a4 Bf6 25.axb5 axb5 26.f3 Be7 27.Rd1 Ra8 28.Ra1 Rxa1 29.Nxa1 Nc5
30.Nd1 Bc8 31.b4 Na4 32.c3 Be6 33.Bd3 Nd7 34.Bd2 Ndb6 35.Ne3 Nb2 36.Bf1 Bg5
37.Kf2 Nd1+ 38.Nxd1 Bxd2 39.Ke2 Bc1 40.Nc2 Na4 41.Ke1 Bb3 42.Bd3 h5 43.Ke2 Kg7
44.Na1 Be6 45.Nc2 Kf6 46.Ne1 Kg5 47.Bc2 Bc4+ 48.Nd3 f6 49.Ke1 Kh4 50.Nxc1 Kg3
51.Bxa4 bxa4 52.Ne3 Be6 53.Ne2+ Kh2 54.Kf2 h4 55.Nc2 Bc4 56.Nc1 f5 57.Na3 Be6
58.c4 g5 59.b5 cxb5 60.cxb5 g4 61.hxg4 fxg4 62.fxg4 Bxg4 63.b6 Bc8 64.Nd3  1-0

[Event "XXI Open"]
[Site "Metz FRA"]
[Date "2003.04.24"]
[Round "6"]
[White "Kritz,L"]
[Black "Artamonova,V"]
[Result "1-0"]
[WhiteElo "2468"]
[BlackElo "2244"]

1.e4 g6 2.d4 Bg7 3.Nc3 c6 4.f4 d5 5.e5 h5 6.Be3 Nh6 7.Nf3 Bg4 8.h3 Nf5 9.Bf2 Bxf3
10.Qxf3 e6 11.g4 Ne7 12.O-O-O Nd7 13.Bh4 Bf8 14.f5 gxf5 15.gxf5 exf5 16.Bd3 Qa5
17.Bxf5 O-O-O 18.Bxd7+ Rxd7 19.Qxf7 b5 20.Qf6 Bh6+ 21.Kb1 Rh7 22.Qe6 b4 23.Ne2 Kc7
24.Rhf1 Qb5 25.Ng3 Nc8 26.Nf5 Bd2 27.Nd6 Nxd6 28.exd6+ Kb6 29.Be7 c5 30.Qxd5 Be3
31.Qe4  1-0

[Event "Commonwealth Ch"]
[Site "Mumbai IND"]
[Date "2003.04.24"]
[Round "7"]
[White "Swathi,G"]
[Black "Roktim,B"]
[Result "1-0"]
[WhiteElo "2280"]
[BlackElo "2405"]

1.e4 g6 2.d4 Bg7 3.Nc3 c6 4.Bc4 d5 5.exd5 b5 6.Bb3 b4 7.Nce2 cxd5 8.Bd2 a5
9.a3 bxa3 10.Rxa3 e6 11.Ba4+ Kf8 12.Nf3 Ne7 13.h4 h6 14.O-O Nf5 15.g3 Nd6
16.Bf4 Kg8 17.Re1 Nc4 18.Ra2 Nd7 19.b3 Ncb6 20.Bc6 Ra6 21.Bb5 Ra8 22.Qa1 Bb7
23.Rxa5 Kh7 24.Bd3 Nc4 25.Rxa8 Qxa8 26.h5 e5 27.Nxe5 Ncxe5 28.Bxe5 Nxe5 29.dxe5 Rd8
30.Qxa8 Rxa8 31.hxg6+ Kg8 32.gxf7+ Kxf7 33.f4 Bf8 34.f5 Bc5+ 35.Kg2 d4+  1-0

[Event "Commonwealth Ch"]
[Site "Mumbai IND"]
[Date "2003.04.24"]
[Round "7"]
[White "Shetty,R"]
[Black "Gokhale,A"]
[Result "1-0"]
[WhiteElo "2387"]
[BlackElo "2213"]

1.e4 g6 2.d4 Bg7 3.Nc3 c6 4.Nf3 d6 5.h3 Nf6 6.Be3 O-O 7.a4 Nbd7 8.a5 e5 9.dxe5 Nxe5
10.Be2 Nxf3+ 11.Bxf3 d5 12.exd5 Nxd5 13.Nxd5 cxd5 14.c3 Be6 15.O-O Re8 16.Qd2 Qd7
17.Rfd1 Qb5 18.Bxd5 Bxd5 19.Qxd5 Qxb2 20.Rab1 Qxc3 21.Rxb7 Qf6 22.Rxa7 Rxa7
23.Bxa7 Qc3 24.Be3 Bf6 25.a6 Re5 26.a7  1-0

[Event "XXI Open"]
[Site "Metz FRA"]
[Date "2003.04.25"]
[Round "7"]
[White "Jonkman,H"]
[Black "Sulava,N"]
[Result "1-0"]
[WhiteElo "2431"]
[BlackElo "2516"]

1.e4 g6 2.d4 Bg7 3.Nc3 c6 4.Nf3 d6 5.Be3 b5 6.Bd3 Nd7 7.O-O Bb7 8.a4 a6 9.h3 Qc7
10.Qd2 Ngf6 11.Bh6 O-O 12.Rfe1 e5 13.Qg5 Bxh6 14.Qxh6 exd4 15.Nxd4 b4 16.Nd1 c5
17.Nf3 c4 18.Bf1 Bxe4 19.Ng5 d5 20.c3 b3 21.Ne3 Rfe8 22.Rad1 Nf8 23.Nxe4 dxe4
24.Bxc4 Re5 25.Qf4 Qe7 26.Bxb3 g5 27.Qg3 Ng6 28.Nc4 Re6 29.Qxg5 Rb8 30.Ba2 Kh8
31.Ne3 Re5 32.Nf5 Rxb2 33.Bc4 Rb6 34.Nxe7 Rxg5 35.Rd8+ Kg7 36.Nd5 Nxd5 37.Bxd5 f5
38.c4 Kh6 39.c5 Rb2 40.Rd6 Kg7 41.Rxg6+ hxg6 42.Rc1 e3 43.fxe3 f4 44.Bf3 fxe3
45.c6 e2 46.Kf2 Rd2 47.Rc4 Re5 48.Be4 Re8 49.Ke1 Rb2 50.c7 Rc8 51.Bf3 Rb6
52.Bg4 Re8 53.c8=Q  1-0

[Event "Commonwealth Ch"]
[Site "Mumbai IND"]
[Date "2003.04.25"]
[Round "8"]
[White "Sahu,S"]
[Black "Rahman,Zia"]
[Result "1/2-1/2"]
[WhiteElo "2268"]
[BlackElo "2543"]

1.e4 g6 2.d4 Bg7 3.Nc3 c6 4.Be3 Qb6 5.Rb1 d6 6.Bc4 Nf6 7.h3 O-O 8.e5 Nd5
9.Nxd5 cxd5 10.Bb3 Nc6 11.exd6 Qb4+ 12.Qd2 Qxd6 13.Nf3 b5 14.O-O a5 15.Bf4 Qd7
16.a4 Ba6 17.Rfe1 e6 18.axb5 Bxb5 19.c3 Rfc8 20.Ra1 a4 21.Bc2 Ra6 22.Bh6 Qb7
23.h4 Qe7 24.Bg5 Qf8 25.h5 Na5 26.h6 Bh8 27.Reb1 Nc4 28.Qe1 Qd6 29.Ra2 f6
30.Bc1 e5 31.dxe5 fxe5 32.Qd1 Rca8 33.Rba1 Qd7 34.Bg5 Nb6 35.b3 axb3 36.Rxa6 Rxa6
37.Bxb3 Rxa1 38.Qxa1 Ba4 39.Bxa4 Qxa4 40.Qb2 Qc6 41.Qb4 Qe6 42.Be3 Nd7 43.Ng5 Qe8
44.Qb7 Nf6 45.Bc5 Qd7 46.Qb8+ Ne8 47.Nf3 e4 48.Ne5 Qe6 49.Bd4 Bxe5 50.Bxe5 g5
51.Bd4 Kf7 52.Qa7+ Kg6 53.Bg7 Qf7 54.Qa6+ Kh5 55.Bd4 Qd7 56.Be5 Qe7  1/2-1/2

[Event "Vedior Trophy"]
[Site "Milan ITA"]
[Date "2003.04.29"]
[Round "4"]
[White "Astengo,C"]
[Black "Qendro,L"]
[Result "0-1"]
[WhiteElo "2165"]
[BlackElo "2346"]

1.e4 g6 2.d4 Bg7 3.Nc3 c6 4.Be3 d5 5.Qd2 Nf6 6.exd5 cxd5 7.Nf3 Nc6 8.Be2 O-O
9.Bh6 Ne4 10.Nxe4 dxe4 11.Bxg7 Kxg7 12.Ne5 Qxd4 13.Nxc6 Qxd2+ 14.Kxd2 bxc6
15.Ke3 f5 16.Rhd1 Be6 17.Kd4 Rfd8+ 18.Ke5 Kf7 19.c4 a5 20.b3 Rdb8 21.f3 a4
22.fxe4 axb3 23.exf5 Ra5+ 24.Kd4 Rxf5 25.axb3 Rxb3 26.Rf1 c5+ 27.Ke4 Kf6
28.g4 Rxf1 29.Rxf1+ Kg5 30.Rf2 Rb2  0-1

[Event "Vedior Trophy"]
[Site "Milan ITA"]
[Date "2003.05.01"]
[Round "6"]
[White "Di Fonzo,V"]
[Black "Qendro,L"]
[Result "0-1"]
[WhiteElo "2223"]
[BlackElo "2346"]

1.e4 g6 2.d4 Bg7 3.Nc3 c6 4.Nf3 d6 5.h3 Nf6 6.Be2 O-O 7.O-O Qc7 8.Re1 Nbd7
9.a4 e5 10.dxe5 dxe5 11.Be3 Rd8 12.Qc1 Nf8 13.a5 Ne6 14.Bc4 Nh5 15.Ng5 Nhf4
16.Nxe6 Bxe6 17.Bxe6 Nxe6 18.Nb1 Bf8 19.c3 Bc5 20.b4 Bxe3 21.Qxe3 Nf4 22.Na3 Rd3
23.Qc5 Ne6 24.Qc4 Rad8 25.Nc2 Nf4 26.Ne3 Qe7 27.Kh2 Qh4 28.Rf1 Nxh3 29.gxh3 Rxe3
30.fxe3 Rd2+  0-1

[Event "Capablanca Mem Premier I"]
[Site "Havana CUB"]
[Date "2003.05.06"]
[Round "1"]
[White "Fernando,D"]
[Black "Perez,Rod"]
[Result "0-1"]
[WhiteElo "2438"]
[BlackElo "2403"]

1.e4 g6 2.d4 Bg7 3.Nc3 c6 4.Nf3 d5 5.h3 dxe4 6.Nxe4 Bf5 7.Ng3 Be6 8.Bd3 Bd5
9.c3 Nf6 10.O-O O-O 11.Ne5 Nfd7 12.f4 Nxe5 13.dxe5 c5 14.Be3 c4 15.Bc2 Nc6
16.Qe2 Qc7 17.h4 f6 18.Rad1 Bf7 19.h5 f5 20.hxg6 hxg6 21.Bf2 Be6 22.Qf3 Rad8
23.Ne2 Rxd1 24.Rxd1 Rd8 25.Nd4 Nxd4 26.Rxd4 Rxd4 27.Bxd4 a6 28.Qg3 Kf7 29.Qg5 Bc8
30.g4 e6 31.gxf5 exf5 32.Bd1 Be6 33.Bf3 b5 34.Bh1 Qd7 35.Qg2 Bh6 36.Qf3 a5
37.Kh2 b4 38.Kg3 a4 39.Bc5 bxc3 40.bxc3 Qd3 41.a3 g5 42.fxg5 Bxg5 43.Kh3 Kg6
44.Bg2 Bd5 45.Qxd3 Bxg2+ 46.Kxg2 cxd3 47.Kf3 Kf7 48.c4 Ke6 49.Bd6 Bf4 50.Bb4 d2
51.Ke2 Kxe5 52.Bc5 Ke4 53.Bf2 Be5 54.Kxd2 Bd4 55.Bh4 Bc5 56.Kc3 Bxa3 57.Bf2 f4
58.Bb6 f3 59.Bf2 Be7 60.Kc2 Bf6 61.c5 Kd5 62.Be3 Be7  0-1

[Event "Riviera IM"]
[Site "Opatija CRO"]
[Date "2003.05.06"]
[Round "9"]
[White "Rasic,D"]
[Black "Jovanic,O"]
[Result "1/2-1/2"]
[WhiteElo "2337"]
[BlackElo "2423"]

1.e4 g6 2.d4 Bg7 3.Nc3 c6 4.Nf3 d6 5.h3 Nd7 6.Bc4 d5 7.Bd3 dxe4 8.Nxe4 Ngf6
9.Nxf6+ Nxf6 10.O-O O-O 11.Bf4 Qb6 12.Qc1 c5 13.Be5 Be6 14.c4 cxd4 15.Bxd4 Qc6
16.Qe3 Nd7 17.Bxg7 Kxg7 18.b4 Qb6 19.Qd2 a5 20.a3 Nf6 21.Qc3 axb4 22.axb4 Rfc8
23.c5 Qc7 24.Rxa8 Rxa8 25.b5 Qf4 26.Qe5 Qxe5 27.Nxe5 Rc8 28.Rc1 Nd7 29.Nxd7 Bxd7
30.f4 h5 31.Kf2 Kf6 32.Ke3 e5 33.h4 Ra8 34.Be4 exf4+ 35.Kxf4 Ra4 36.Ke3 Bxb5
37.Bxb7 Rxh4 38.c6 Rb4 39.c7 Bd7 40.Rd1 Rb3+ 41.Rd3 Rxd3+ 42.Kxd3 Ke5 43.Ke3 f5
44.c8=Q Bxc8 45.Bxc8 g5 46.Kf3 h4 47.Ke3 g4 48.Bd7 f4+ 49.Kf2 h3  1/2-1/2

[Event "Capablanca Mem Mixto"]
[Site "Havana CUB"]
[Date "2003.05.08"]
[Round "3"]
[White "Hernandez,T"]
[Black "Frometa,Z"]
[Result "1-0"]
[WhiteElo "2244"]
[BlackElo "2216"]

1.e4 g6 2.d4 Bg7 3.Nc3 c6 4.Bc4 d6 5.Qf3 e6 6.Nge2 d5 7.Bb3 Nd7 8.h4 h6 9.Bf4 Ngf6
10.O-O-O dxe4 11.Nxe4 Nxe4 12.Qxe4 Nf6 13.Qf3 Nd5 14.Be5 O-O 15.c4 Ne7 16.g4 b5
17.c5 Nd5 18.Ng3 a5 19.Kb1 a4 20.Bc2 a3 21.b3 b4 22.Ka1 Nc3 23.Bxg7 Kxg7
24.Rd2 Qd5 25.Qe3 Ra7 26.Rg1 Re7 27.Nh5+ Kh7 28.Nf6+ Kg7 29.Nxd5 cxd5 30.f4 Rfe8
31.h5  1-0

[Event "National I"]
[Site "Clermont-Ferrand FRA"]
[Date "2003.05.09"]
[Round "9"]
[White "Mazet,J"]
[Black "Philippe,C"]
[Result "1/2-1/2"]
[WhiteElo "2221"]
[BlackElo "2318"]

1.d4 g6 2.e4 Bg7 3.Nc3 c6 4.Nf3 d5 5.h3 dxe4 6.Nxe4 Nd7 7.Bc4 Ngf6 8.Qe2 O-O
9.O-O Qc7 10.Nxf6+ exf6 11.c3 Nb6 12.Bb3 Bd7 13.Be3 Rfe8 14.Qd2 Be6 15.Bh6 Nc4
16.Bxc4 Bxc4 17.Bxg7 Kxg7 18.Rfe1 Rxe1+ 19.Nxe1 Re8 20.Nd3 Qa5 21.Nc1 Qg5
22.Nb3 Re2 23.Qxg5 fxg5 24.Na5 Ba6 25.Rb1 Kf6 26.a4 Bd3 27.Rd1 Bc2 28.Rc1 Bxa4
29.Ra1 Bb5 30.Nxb7 Rxb2 31.Rxa7 Bc4 32.Nc5 Kg7 33.Ne4 Rc2 34.Nxg5 Rxc3 35.Nf3 Bd5
36.Ne5 Rc1+ 37.Kh2 Rd1 38.Ra6 Rc1 39.Ra7 h5 40.h4 Rd1 41.Ra4 Kf6 42.f3 Kf5
43.Kg3 c5 44.Ra7 cxd4 45.Nxf7 d3 46.Ra5 Ke6 47.Ng5+ Kd6 48.Ne4+ Bxe4 49.fxe4 d2
50.Rd5+ Ke6 51.Kf2 Ke7 52.Ke3 Kf6 53.Kf2 Re1 54.Rxd2 Rxe4  1/2-1/2

[Event "Capablanca Mem Mixto"]
[Site "Havana CUB"]
[Date "2003.05.14"]
[Round "9"]
[White "Ruiz Jimenez,F"]
[Black "Frometa,Z"]
[Result "1-0"]
[WhiteElo "2200"]
[BlackElo "2216"]

1.e4 g6 2.d4 Bg7 3.Nc3 c6 4.Be3 d5 5.Qd2 e6 6.h4 h5 7.O-O-O Ne7 8.Nh3 a6
9.f3 b5 10.Kb1 Nd7 11.Nf4 Nb6 12.Ka1 b4 13.Nb1 a5 14.g4 hxg4 15.fxg4 dxe4
16.h5 e5 17.dxe5 Qxd2 18.Nxd2 Nbd5 19.Nc4 Nxe3 20.Nxe3 Bxe5 21.Nfg2 a4 22.Nc4 Bxg4
23.Re1 Bg7 24.Rxe4 Rd8 25.Be2 Bxe2 26.Rxe2 Rxh5 27.Rhe1 Bf6 28.a3 bxa3 29.Nxa3 Kf8
30.Re4 Rb8 31.c3 Rh2 32.R1e2 Nd5 33.Rc4 Re8 34.Rc2 Rh1+ 35.Ka2 Ne3 36.Nxe3 Rxe3
37.Rxc6 Ree1 38.b4 axb3+ 39.Kxb3 Be7 40.Nb5 Rb1+ 41.Kc4 Rh4+ 42.Nd4 Rf1 43.Re2 Bf6
44.Kd5 Rd1 45.Rxf6 Rd3 46.Kc4 Rhh3 47.Nb5 Kg7 48.Ref2 Rd7 49.Kc5 Rhd3 50.c4 Re3
51.Kc6 Ree7 52.c5 Kh6 53.Nd6 Rc7+ 54.Kd5 Kg7 55.c6 Kg8 56.Rxf7  1-0

[Event "Capablanca Mem Mixto"]
[Site "Havana CUB"]
[Date "2003.05.15"]
[Round "10"]
[White "Collazo,N"]
[Black "Frometa,Z"]
[Result "1-0"]
[WhiteElo "2204"]
[BlackElo "2216"]

1.e4 g6 2.d4 Bg7 3.Nc3 c6 4.Nf3 d5 5.h3 dxe4 6.Nxe4 Nf6 7.Nxf6+ exf6 8.Bc4 O-O
9.O-O b5 10.Bb3 a5 11.c3 Nd7 12.Bf4 Nb6 13.Bc2 Nd5 14.Bd2 Be6 15.Qc1 Re8
16.Re1 Qd7 17.a4 Bf8 18.Nh2 Bd6 19.Nf1 f5 20.axb5 cxb5 21.c4 bxc4 22.Ba4 Qb7
23.Bxe8 Rxe8 24.Rxa5 f4 25.Qa1 Rb8 26.Qa4 Bc7 27.Ra7 Qxb2 28.Qxc4 Bb6 29.Ra2 Qxd4
30.Qxd4 Bxd4 31.Ra4 Bc3 32.Bxc3 Nxc3 33.Rxf4 Rb2 34.Ng3 h5 35.Rf3 Rc2 36.Ree3 Nd1
37.Rd3 Rc1 38.Kh2 Nb2 39.Rd8+ Kg7 40.Ne4 Rc7 41.Nd6 Re7 42.Ne4 Kh6 43.Nf6 Rc7
44.Rh8+ Kg7 45.Rb8 Rc2 46.g4 hxg4 47.hxg4 Kh6 48.Rb5 g5 49.Rb8 Bc8 50.Ne4 Bxg4
51.Rxf7 Nc4 52.Rf6+ Kg7 53.Rb7+ Kg8 54.Nxg5 Ne5 55.Kg3 Bc8 56.Re7 Rc3+ 57.f3 Rc5
58.Nh7 Nd7 59.Rg6+ Kh8 60.Ng5 Nf6 61.Nf7+  1-0

[Event "TCh-Serbia & Montenegro"]
[Site "Budva YUG"]
[Date "2003.05.18"]
[Round "?"]
[White "Rabrenovic,M"]
[Black "Raicevic,M"]
[Result "0-1"]
[WhiteElo "2318"]
[BlackElo "2355"]

1.e4 g6 2.d4 Bg7 3.Nc3 c6 4.g3 d5 5.exd5 cxd5 6.Bg2 Nf6 7.Nge2 h6 8.O-O O-O
9.Nf4 Bg4 10.f3 Bd7 11.Be3 Nc6 12.Re1 e6 13.Qd2 Ne8 14.Nfe2 Kh7 15.b3 Nd6
16.Na4 b6 17.Rad1 Rc8 18.c3 Ne7 19.Nb2 Bb5 20.Bf1 Qd7 21.Nd3 Nc6 22.Bf4 a5
23.a4 Ba6 24.Nec1 Bb7 25.Ne5 Nxe5 26.Bxe5 f6 27.Bxd6 Qxd6 28.Bh3 Rce8 29.Nd3 e5
30.Bg2 e4 31.fxe4 dxe4 32.Nb2 Bd5 33.c4 Bb7 34.d5 f5 35.Rb1 e3 36.Qe2 f4
37.gxf4 Rxf4 38.Rf1 Bc8 39.Rxf4 Qxf4 40.Nd3 Qd4 41.Ne1 Bf5 42.Rd1 Qc3 43.d6 Qxb3
44.d7 Rd8 45.Bc6  0-1

[Event "28th Elekes Mem IM"]
[Site "Budapest HUN"]
[Date "2003.05.24"]
[Round "8"]
[White "Howell,D"]
[Black "Mester,G"]
[Result "0-1"]
[WhiteElo "2251"]
[BlackElo "2438"]

1.e4 g6 2.d4 Bg7 3.Nc3 c6 4.Nf3 d6 5.Be3 Nf6 6.Qd2 b5 7.Bd3 O-O 8.Bh6 Bg4
9.Bxg7 Kxg7 10.Nh4 e5 11.h3 Be6 12.dxe5 dxe5 13.Nf3 Nbd7 14.O-O Qe7 15.Qe3 Ne8
16.Ne2 Nd6 17.Ng3 f6 18.c3 Nb6 19.Rfd1 Na4 20.Qc1 a5 21.b3 Nc5 22.Qe3 Nxd3
23.Rxd3 Nb7 24.Rd2 c5 25.Rad1 Rf7 26.Qe2 c4 27.bxc4 Bxc4 28.Qe3 Qe6 29.Rb2 a4
30.a3 Na5 31.Nd2 Rd8 32.Qe1 Rfd7 33.Rdb1 Bd3 34.Rc1 Qd6 35.Ra1 Qc5 36.Qc1 Rc8
37.Ngf1 Qxc3 38.Qxc3 Rxc3 39.Ne3 Rdc7 40.Nd5 Rc1+ 41.Rxc1 Rxc1+ 42.Kh2 Nc6
43.f3 Ra1 44.Nc3 Rxa3 45.Nxb5 Bxb5 46.Rxb5 Ra2 47.Nc4 Nd4 48.Rb7+ Kh6 49.Kg3 f5
50.Nxe5 Ne2+ 51.Kh2 Nf4 52.Kg3 g5 53.Nf7+ Kh5 54.Kh2 Rxg2+ 55.Kh1 Kh4 56.Nd6 h5
57.Nxf5+ Kxh3 58.Ne3 Re2 59.Nf1 Rf2 60.Kg1 Rxf3 61.Rb2 a3 62.Ra2 h4 63.e5 Rd3
64.Kf2 g4 65.Ne3 g3+ 66.Kf3 Nd5  0-1

[Event "ch-EST"]
[Site "Tallinn EST"]
[Date "2003.05.26"]
[Round "6.6"]
[White "Lauk,U"]
[Black "Seeman,T"]
[Result "0-1"]
[WhiteElo "2342"]
[BlackElo "2429"]

1.e4 g6 2.d4 Bg7 3.Nc3 c6 4.Nf3 d6 5.a4 Qc7 6.h3 Nd7 7.Bc4 e5 8.dxe5 dxe5
9.b3 Nb6 10.Be2 a5 11.Ba3 Bf8 12.Qc1 f6 13.Bxf8 Kxf8 14.Qe3 Kg7 15.O-O-O Be6
16.g4 h6 17.Rhg1 g5 18.h4 Ne7 19.Qc5 Ng6 20.Nb5 Qf7 21.Nd6 Nd7 22.Nxf7 Nxc5
23.Nxh8 Rxh8 24.hxg5 hxg5 25.Nd2 Nf4 26.Bf3 b5 27.axb5 cxb5 28.Rh1 Rc8 29.Kb2 a4
30.Ra1 Kg6 31.Nf1 axb3 32.Ra7 Na4+  0-1

[Event "4th IECC"]
[Site "Istanbul TUR"]
[Date "2003.05.31"]
[Round "2"]
[White "Vajda,L"]
[Black "Sanduleac,V"]
[Result "1-0"]
[WhiteElo "2592"]
[BlackElo "2492"]

1.e4 g6 2.d4 Bg7 3.Nc3 c6 4.Nf3 d5 5.h3 dxe4 6.Nxe4 Bf5 7.Ng3 Be6 8.c3 Nf6
9.Be2 Bd5 10.O-O Bxf3 11.Bxf3 O-O 12.a4 a5 13.Qb3 Qc7 14.Ne2 Nbd7 15.Bf4 Qb6
16.Ra3 Qa6 17.Nc1 e6 18.c4 Rfe8 19.Nd3 Rad8 20.Rc1 Qa7 21.Be3 Qb8 22.Qc3 Qc7
23.Bf4 Qb6 24.Rb3 Qa7 25.Be3 Qa8 26.Re1 Kh8 27.Bd2 b6 28.Bf4 Qc8 29.Ne5 Nxe5
30.Bxe5 Nd7 31.Bxg7+ Kxg7 32.Bxc6 Kg8 33.Bxd7 Qxd7 34.Rxb6 Qxd4 35.Qxd4 Rxd4
36.Rc1 Rc8 37.b3 Rd3 38.c5 Kg7 39.c6 Rd6 40.Rc5 Kf6 41.Rxa5 Rd1+ 42.Kh2 Rc1
43.Ra7 Rd8 44.c7 Rdd1 45.Rb8 Rh1+ 46.Kg3 Rc3+ 47.f3 Rhc1 48.c8=Q Rxc8 49.Rxc8 Rxc8
50.b4 Rc2 51.a5 Rb2 52.Rb7 Ra2 53.Rb6 h5 54.a6 g5 55.b5 Ke5 56.Rb7 f5 57.a7 f4+
58.Kh2 g4 59.hxg4 hxg4 60.fxg4 f3 61.b6 Rxg2+ 62.Kh3 Ra2 63.Rf7 Ke4 64.Rf8  1-0

[Event "Golden Cleopatra"]
[Site "Cairo EGY"]
[Date "2003.06.03"]
[Round "3"]
[White "Mokhtar,A"]
[Black "El Arousy,A"]
[Result "1-0"]
[WhiteElo "2309"]
[BlackElo "2314"]

1.e4 g6 2.d4 Bg7 3.Nc3 c6 4.Bc4 d5 5.exd5 b5 6.Bb3 b4 7.Nce2 cxd5 8.Nf3 Nf6
9.Bd2 Qb6 10.a3 bxa3 11.Rxa3 O-O 12.O-O Nc6 13.h3 Ba6 14.Re1 e6 15.Nc3 Nd7
16.Be3 Rfc8 17.Qd2 Bf8 18.Ra2 Bb4 19.Rea1 Bb7 20.Na4 Qc7 21.c3 Bd6 22.Nc5 Nb6
23.Ng5 Re8 24.f4 Bc8 25.h4 Ne7 26.g4 h6 27.Nf3 Kh7 28.Ne5 Ng8 29.h5 Nf6 30.hxg6+ fxg6
31.Qg2 Nbd7 32.g5 hxg5 33.Qxg5 Bxe5 34.fxe5 Ng8 35.Bc2 Nf8 36.Rf1 Qg7 37.Qh4+ Nh6
38.Bxh6  1-0